| 000 | 00928nam a22003017a 4500 | ||
|---|---|---|---|
| 001 | 2914 | ||
| 003 | FISKH | ||
| 005 | 20240123112159.0 | ||
| 008 | 240123b cb ||||| |||| 00| 0 eng d | ||
| 020 | _a9781407157344 | ||
| 040 |
_aFISKH _beng _cFISKH _dFISKH |
||
| 050 | _aPZ7.S86037 | ||
| 082 | _a813.54 | ||
| 100 | _aStine, R. L. | ||
| 245 |
_aPlease don't feed the vampire! / _cR. L. Stine |
||
| 250 | _aThis edition published in 2016 | ||
| 260 |
_aLondon : _bScholastic, _c1997 |
||
| 300 |
_a137 pages : _c20 cm |
||
| 490 | _aGoosebumps | ||
| 505 | _aG | ||
| 520 | _aYour cute little poodle has become a vampire dog after sinking her teeth into something called "Vampire in a Can.". | ||
| 521 | 8 |
_a390
_bLexile |
|
| 521 | 8 |
_aG
_bRaz-Plus |
|
| 650 |
_aScary _vHorror |
||
| 650 |
_aVampire _vFiction _xJuvenile literature |
||
| 650 |
_aGoosebumps _vJuvenile literature |
||
| 942 |
_2ddc _cBK _n0 |
||
| 999 |
_c2914 _d2914 |
||